000 00708cam a2200241 4500500
005 20260405003433.0
041 _afre
042 _adc
100 1 0 _aMorel, François
_eauthor
245 0 0 _aConseil n° 13. Embarrassons-nous du choix
260 _c2021.
500 _a59
690 _aDémocratie
690 _aDictature
690 _aÉlection
690 _aÉlection présidentielle 2022
690 _aFrançois Morel
690 _aHumour
690 _aPoutine
690 _aPrésident
786 0 _nPhilosophie magazine | 154 | 11 | 2021-11-01 | p. 81-81 | 1951-1787
856 4 1 _uhttps://shs.cairn.info/magazine-philosophie-magazine-2021-11-page-81?lang=fr&redirect-ssocas=7080
999 _c2067512
_d2067512